Nghiên cứu thành phần flavonoid và coumarin của các vị thuốc trong phương tiêu giao tán /

Na minha lista:
Detalhes bibliográficos
Autor principal: Nguyễn Thái An.
Outros Autores: Bùi Thế Hùng.
Formato: Atigo
Idioma:Vietnamese
Assuntos:
Tags: Adicionar Tag
Sem tags, seja o primeiro a adicionar uma tag!
Thư viện lưu trữ: Thư viện Trường Đại học Đà Lạt
LEADER 00863nam a2200277 4500
001 DLU100110903
005 ##20100820
040 # # |a DLU  |b vie 
041 # # |a vie 
044 # # |a vn 
100 # # |a Nguyễn Thái An. 
245 # # |a Nghiên cứu thành phần flavonoid và coumarin của các vị thuốc trong phương tiêu giao tán /  |c Nguyễn Thái An, Bùi Thế Hùng. 
653 # # |a Dược lí học 
653 # # |a Dược phẩm 
653 # # |a Y học cổ truyền 
700 # # |a Bùi Thế Hùng. 
773 # # |t Tạp chí Dược học  |g Số 6(386), 2008, tr. 37-40 
920 # # |a Phòng Tạp chí -- Trung tâm Thông tin - Thư viện Trường Đại học Đà Lạt 
994 # # |a DLU 
900 # # |a True 
911 # # |a Nguyễn Thị Linh Chi 
925 # # |a G 
926 # # |a A 
927 # # |a BB 
980 # # |a Thư viện Trường Đại học Đà Lạt